University Home | Library Home | Institutional Repository

L'Arlesienne suites nos. 1 and 2 (Record no. 133651)

MARC details
000 -LEADER
fixed length control field 01311cam2a220032501 4500
001 - CONTROL NUMBER
control field tmp15762596
003 - CONTROL NUMBER IDENTIFIER
control field UPRA
005 - DATE AND TIME OF LATEST TRANSACTION
control field 20190822115057.0
007 - PHYSICAL DESCRIPTION FIXED FIELD--GENERAL INFORMATION
fixed length control field sdubmmennuuune
008 - FIXED-LENGTH DATA ELEMENTS--GENERAL INFORMATION
fixed length control field 951023s1956 nyu u
028 02 - PUBLISHER OR DISTRIBUTOR NUMBER
Publisher or distributor number XWN 18230 Westminster
Source XWN 18230 Westminster
035 ## - SYSTEM CONTROL NUMBER
System control number (Sirsi) r51859
035 ## - SYSTEM CONTROL NUMBER
System control number (UPRA)tmp15762596
040 ## - CATALOGING SOURCE
Transcribing agency UPRA
041 0# - LANGUAGE CODE
Language code of accompanying material other than librettos eng
100 1# - MAIN ENTRY--PERSONAL NAME
Personal name Bizet, Georges, 1838-1875.
Dates associated with a name Bizet, Georges, 1838-1875.
Linkage A10164.1
240 ## - UNIFORM TITLE
Uniform title 12a26.1..1.13 k26.1..15.7 n26.1..23.13
Medium Sound recording
245 12 - TITLE STATEMENT
Title L'Arlesienne suites nos. 1 and 2
Medium [sound recording].
260 ## - PUBLICATION, DISTRIBUTION, ETC.
Place of publication, distribution, etc. New York :
Name of publisher, distributor, etc. Westminster,
Date of publication, distribution, etc. 1956.
500 ## - GENERAL NOTE
General note Sleeve notes by James Lyons.
501 ## - WITH NOTE
With note With: Bizet, G., Carmen suites, nos. 1 and 2.
511 0# - PARTICIPANT OR PERFORMER NOTE
Participant or performer note Artur Rodzinski conducting the Philharmonic Symphony Orchestra of London.
650 #0 - SUBJECT ADDED ENTRY--TOPICAL TERM
Topical term or geographic name entry element Suites (Orchestra)
Linkage S6167.1
700 1# - ADDED ENTRY--PERSONAL NAME
Personal name Redzinski, Artur.
Linkage A10166.1
700 1# - ADDED ENTRY--PERSONAL NAME
Personal name Bizet, G. Carmen suites, no. 1.
Title of a work Bizet, G. Carmen suites, no. 1.
Number of part/section of a work Bizet, G. Carmen suites, no. 1.
Linkage A10167.1
700 1# - ADDED ENTRY--PERSONAL NAME
Personal name Bizet, G. Carmen suites, no. 2.
Title of a work Bizet, G. Carmen suites, no. 2.
Number of part/section of a work Bizet, G. Carmen suites, no. 2.
Linkage A10168.1
710 2# - ADDED ENTRY--CORPORATE NAME
Corporate name or jurisdiction name as entry element Philharmonic Symphony of London.
Linkage A10169.1
949 ## - LOCAL PROCESSING INFORMATION (OCLC)
a M1003
w lcc
i -65759
m MAIN
t BOOK
l ON-SHELF

No items available.

© 2026 - The University of Zambia Library - Koha v25.11